Loading...
Data Interpretation & Logical Reasoning For The CAT
| Main Author: | |
|---|---|
| Format: | Printed Book |
| Published: |
New Delhi
Tata McGraw Hill Education Pvt.Ltd.
2011
|
| Edition: | VI |
| Subjects: |
| LEADER | 00519nam a22001457a 4500 | ||
|---|---|---|---|
| 020 | |a 978-0-07-133215-6 | ||
| 082 | |a 001 SHA/DA | ||
| 100 | |a Arun Sharma | ||
| 245 | |a Data Interpretation & Logical Reasoning For The CAT | ||
| 250 | |a VI | ||
| 260 | |a New Delhi |b Tata McGraw Hill Education Pvt.Ltd. |c 2011 | ||
| 650 | |a data interpretation |a DI Exercisws | ||
| 942 | |c BK | ||
| 999 | |c 168779 |d 168779 | ||
| 952 | |0 0 |1 0 |4 0 |6 001_000000000000000_SHA_DA |7 0 |9 173605 |a KAUCOAP |b KAUCOAP |d 2016-02-25 |o 001 SHA/DA |p KAU_COAP06360 |r 2016-02-25 |w 2016-02-25 |y BK | ||